| 000 | 01192cam a2200277 a 4500 | ||
|---|---|---|---|
| 001 | 000006656 | ||
| 005 | 20200929153951.0 | ||
| 008 | 940919s1992 sp ab b 001 0 spa c | ||
| 020 | _a8478201289 | ||
| 040 |
_aDO-SdBNP _bspa _cCU _dDLC _dBNPHU |
||
| 082 |
_a936. _bL881m |
||
| 100 | 1 |
_aLostal Pros, Joaquín. _918500 |
|
| 245 | 1 | 4 |
_aLos miliarios de la provincia tarraconense : _bconventos tarraconense, cesaraugustano, cluniense y cartaginense / _cJoaquín Lostal Pros; prólogo, Miguel Beltrán Lloris. |
| 260 |
_aZaragoza, España : _bInstitución Fernando el Católico, _c1992. |
||
| 300 |
_a456 p. : _bil., mapas ; _c31 cm. |
||
| 490 | 1 |
_aInstitución Fernando el Católico _v1314 |
|
| 504 | _aIncluye referencias bibliográficas (p. 279-296) | ||
| 504 | _aIncluye índice | ||
| 650 | 4 |
_aMiliarios _zTarragona(Provincia Española{Rpara} _918501 |
|
| 650 | 4 |
_aInscripciones, latin _zEspaña _zTarragona (Provincia{Rpara} _918502 |
|
| 651 | 4 |
_aTarragona (España : Provincia{Rpara} _xAntigüedades, Roma _918503 |
|
| 700 | 1 |
_aBeltrán Lloris, Miguel, _epról. _918504 |
|
| 830 | 0 |
_aInstitución Fernando el Católico _v1314 _916722 |
|
| 910 | _aCatalogación por copia / LC | ||
| 049 | _aBNGR | ||
| 999 |
_c6446 _d6446 |
||